Campeões do Campeonato Paulista - Statistics

Estatísticas Gerais
  • Esse quiz foi jogado 38 vezes
  • A pontuação média é 110 de 136
Estatísticas das Respostas
Hint Resposta % Correto
1914 | 1916 | 1922 | +28 others Corinthians
100%
1942 | 1944 | 1947 | +15 others Palmeiras
100%
1935 | 1955 | 1956 | +19 others Santos
100%
1931 | 1943 | 1945 | +19 others São Paulo
100%
2002 | 2014 Ituano
89%
1990 Bragantino
86%
1935* | 1936* Portuguesa
86%
2004 São Caetano
81%
1905 | 1908 | 1913* | +8 others Paulistano
67%
1986 Inter de Limeira
56%
1934* Juventus
53%
1920 | 1926 | 1927 | +5 others Palestra Itália
25%
1902 | 1903 | 1904 | 1911 São Paulo Athletic
19%
1906 | 1915* Germânia
14%
1909 | 1910 | 1915 AA das Palmeiras
8%
1907 | 1928* Internacional
6%
1914* | 1925 AA São Bento
3%
1933 Albion
3%
1912 | 1913 Americano
3%
Nenhum quiz correspondente encontrado
Distribuição das Pontuações
Porcentagem de Pessoas com Cada Pontuação
Percentil de Números Respondidos
Sua Pontuação Histórica
Você não jogou esse quiz